Poruchy příjmu potravy : odpovědi na otázky, na které jste se báli zeptat /

Hlavní autor: Procházková, Lenka
Další autoři: Sladká-Ševčíková, Jana, 1968-
Jazyk: Čeština
Vydáno: [Praha] : Pasparta, [2017]
Vydání: Vydání první
Témata:
Fyzický popis: 97 stran : ilustrace ; 21 cm
Knihy
Uloženo v:
LEADER 01721cam a2200445 i 4500
001 nkc20172883485
003 CZ PrNK
005 20171123101157.0
007 ta
008 170215t20172017xr a e f 000 0 cze d
015 |a cnb002883485 
020 |a 978-80-88163-46-6  |q (brožováno) 
035 |a (OCoLC)987019421 
040 |a KLG001  |b cze  |d BOA001  |d ABA001  |e rda 
072 7 |a 616.89  |x Psychiatrie  |2 Konspekt  |9 14 
080 |a 616.89-008.441.42  |2 MRF 
080 |a (036)  |2 MRF 
100 1 |a Procházková, Lenka  |7 mzk2014835184  |4 aut 
245 1 0 |a Poruchy příjmu potravy :  |b odpovědi na otázky, na které jste se báli zeptat /  |c Lenka Procházková, Jana Sladká-Ševčíková 
250 |a Vydání první 
264 1 |a [Praha] :  |b Pasparta,  |c [2017] 
264 4 |c ©2017 
300 |a 97 stran :  |b ilustrace ;  |c 21 cm 
336 |a text  |b txt  |2 rdacontent 
337 |a bez média  |b n  |2 rdamedia 
338 |a svazek  |b nc  |2 rdacarrier 
504 |a Obsahuje bibliografii 
650 0 7 |a poruchy příjmu potravy  |7 ph389987  |2 czenas 
650 0 9 |a eating disorders  |2 eczenas 
655 7 |a informační publikace  |7 fd132454  |2 czenas 
655 9 |a information publications  |2 eczenas 
700 1 |a Sladká-Ševčíková, Jana,  |d 1968-  |7 mzk2003199039  |4 aut 
910 2 |a BOA001  |b 2-1384.705 
920 |a 1118448  |z KLG001 
990 |a BK 
995 |a 01 
991 |b 201704  |c NOV 
996 6 |b 2610704364  |c 2-1384.705  |l MZK  |r Sklad / do 1 hodiny  |n 19  |p p.v.  |w 001606570  |u 000010  |a 1  |e BOA001  |j MZK50  |s P 
996 7 |b 2610705588  |c 2-1384.705  |l Vol.výběr  |r VV 1p  |n 34  |p kup  |h 616.89 PRO  |w 001606570  |u 000020  |a 0  |e BOA001  |j MZK50  |s A 
996 7 |b 2610726159  |c 2-1384.705  |l Vol.výběr  |r VV 1p  |n 28  |p kup  |h 616.89 PRO  |w 001606570  |u 000030  |a 0  |e BOA001  |j MZK50  |s A